书目信息 |
| 题名: |
国外图书馆学重要著作选译
|
|
| 作者: | 刘嘉 编译 | |
| 分册: | ||
| 出版信息: | 北京 华艺出版社 2002 |
|
| 页数: | 218页 | |
| 开本: | 21cm | |
| 丛书名: | 二十一世纪图书馆学丛书 | |
| 单 册: | ||
| 中图分类: | G250-53 | |
| 科图分类: | ||
| 主题词: | 图书馆学--文集 , CT--S075617--图书馆学 | |
| 电子资源: | ||
| ISBN: | 7-80142-371-2 | |
| 000 | 01335nam0 2200409 450 | |
| 000 | 01298nam0 2200397 450 | |
| 000 | 01281nam0 2200397 450 | |
| 000 | 01227nam0 2200373 450 | |
| 000 | 01190nam0 2200361 450 | |
| 000 | 01153nam0 2200349 450 | |
| 000 | 01153nam0 2200361 450 | |
| 000 | 01099nam0 2200337 450 | |
| 000 | 01029nam0 2200313 450 | |
| 000 | 00992nam0 2200301 450 | |
| 000 | 00954oam2 2200289 45 | |
| 001 | 012002022946 | |
| 005 | 20070730091506.21 | |
| 010 | @a7-80142-371-2@dCNY22.80 | |
| 035 | @a(011001)c2002015408 | |
| 100 | @a20020312d2002 em y0chiy0110 ea | |
| 101 | 1 | @achi@cmul |
| 102 | @aCN@b110000 | |
| 105 | @ay z 000yy | |
| 200 | 1 | @a国外图书馆学重要著作选译@9guo wai tu shu guan xue zhong yao zhu zuo xuan yi@f刘嘉等编译 |
| 210 | @a北京@c华艺出版社@d2002 | |
| 215 | @a218页@d21cm | |
| 225 | 2 | @a二十一世纪图书馆学丛书 |
| 330 | @a本书收《图书馆事业基础》、《图书馆管理之管理》、《图书馆学的社会学基础》、《图书馆学导论》等16篇文章。 | |
| 461 | 0 | @12001 @a二十一世纪图书馆学丛书 |
| 510 | 1 | @aSelections of Classics on Library Science@zeng |
| 606 | 0 | @a图书馆学@j文集 |
| 606 | 0 | @2CT@3S075617@a图书馆学 |
| 690 | @aG250-53@v4 | |
| 701 | 0 | @a刘嘉@9liu jia@4编译 |
| 801 | 0 | @aCN@bTSSF@c20070730 |
| 905 | @a10447@dG250-53@e121 | |
| 国外图书馆学重要著作选译/刘嘉等编译.-北京:华艺出版社,2002 |
| 218页;21cm.-(二十一世纪图书馆学丛书) |
| ISBN 7-80142-371-2:CNY22.80 |
| 本书收《图书馆事业基础》、《图书馆管理之管理》、《图书馆学的社会学基础》、《图书馆学导论》等16篇文章。 |
| ● |
| 相关链接 |
|
|
|
|
正题名:国外图书馆学重要著作选译
索取号:G250-53/121
 
预约/预借
| 序号 | 登录号 | 条形码 | 馆藏地/架位号 | 状态 | 备注 |
| 1 | 0784173 | 207841736 | 第一样本阅览室/ [索取号:G250-53/121] | 在馆 | |
| 2 | 0784174 | 207841745 | 第四借阅区/ [索取号:G250-53/121] | 在馆 | |
| 3 | 0785065 | 207850654 | 第四借阅区/ [索取号:G250-53/121] | 在馆 |